00478nam a22001577a 4500082001200000100001700012100002000029100004100049245005600090260002700146300000800173700003800181700003400219700003400253700003300287 aR/2CS16 aSikandar Ali aRoll No. 16CS49 aSupervisor - Dr. Fareed Ahmed Jokhio aHandwritten Digit Recognition Using Deep Learning.  aNawabshahbQUESTc2020 a30p aAbdullah Soomro (Roll No. 16CS39) aKomal Zahra (Roll No. 16CS21) aAlmas Fayaz (Roll No. 16CS17) aRaza Mahar (Roll No. 16CS34)